MARC details
| 000 -CABECERA |
| campo de control de longitud fija |
01802nam a2200349 a 4500 |
| 001 - NÚMERO DE CONTROL |
| campo de control |
000015388 |
| 005 - FECHA Y HORA DE LA ÚLTIMA TRANSACCIÓN |
| campo de control |
20260326113753.0 |
| 008 - DATOS DE LONGITUD FIJA--INFORMACIÓN GENERAL |
| campo de control de longitud fija |
100208s2004 dr 001 0 spa d |
| 040 ## - FUENTE DE LA CATALOGACIÓN |
| Centro catalogador/agencia de origen |
DO-SdBNP |
| Lengua de catalogación |
spa |
| Centro/agencia transcriptor |
BNPHU |
| 082 ## - NÚMERO DE LA CLASIFICACIÓN DECIMAL DEWEY |
| Número de clasificación |
345.087 |
| Número de documento/Ítem |
M385j, 2004 |
| 100 1# - ENTRADA PRINCIPAL--NOMBRE DE PERSONA |
| Nombre de persona |
Martínez Mejía, Modesto Antonio |
| 9 (RLIN) |
34758 |
| 245 13 - MENCIÓN DE TÍTULO |
| Título |
El juicio en el nuevo proceso penal / |
| Mención de responsabilidad, etc. |
Modesto Martínez ; presentación Damián Olivares Grullón ; prólogo Míriam Germán Brito. |
| 250 ## - MENCIÓN DE EDICIÓN |
| Mención de edición |
2ª ed. |
| 260 ## - PUBLICACIÓN, DISTRIBUCIÓN, ETC. |
| Lugar de publicación, distribución, etc. |
Santo Domingo : |
| Nombre del editor, distribuidor, etc. |
Banco Central, |
| Fecha de publicación, distribución, etc. |
2004. |
| 300 ## - DESCRIPCIÓN FÍSICA |
| Extensión |
xxix, 336 p. ; |
| Dimensiones |
23 cm. |
| 490 1# - MENCIÓN DE SERIE |
| Mención de serie |
Derecho Procesal Penal |
| 500 ## - NOTA GENERAL |
| Nota general |
Incluye datos biográficos del autor en la solapa. |
| 504 ## - NOTA DE BIBLIOGRAFÍA, ETC. |
| Nota de bibliografía, etc. |
Bibliografía: p. 334-335. |
| 505 0# - NOTA DE CONTENIDO CON FORMATO |
| Información miscelánea |
Presentación / |
| Mención de responsabilidad |
Damián Olivares Grullón |
| Información miscelánea |
Prólogo / |
| Mención de responsabilidad |
Míriam Germán Brito -- |
| Información miscelánea |
Introducción -- |
| Título |
Generalidades -- |
| -- |
Garantías procesales que informan el nuevo juicio penal -- |
| -- |
Fase de preparación para el debate -- |
| -- |
La vista de la causa -- |
| -- |
Distintos tipos de sentencia -- |
| -- |
División del juicio -- |
| -- |
Reflexiones generales -- |
| -- |
Glosario de términos que introduce el nuevo proceso penal para la etapa del juicio -- |
| -- |
Marco fotográfico comparativo entre el nuevo y el viejo sistema -- |
| Información miscelánea |
Bibliografía. |
| 590 ## - NOTA LOCAL (RLIN) |
| Nota local |
Inventariado,2018/DG |
| 650 #4 - PUNTO DE ACCESO ADICIONAL DE MATERIA--TÉRMINO DE MATERIA |
| Término de materia o nombre geográfico como elemento de entrada |
Administración de justicia penal |
| Subdivisión geográfica |
República Dominicana |
| 9 (RLIN) |
16873 |
| 650 #0 - PUNTO DE ACCESO ADICIONAL DE MATERIA--TÉRMINO DE MATERIA |
| Término de materia o nombre geográfico como elemento de entrada |
Procedimiento penal |
| 9 (RLIN) |
554 |
| 650 #0 - PUNTO DE ACCESO ADICIONAL DE MATERIA--TÉRMINO DE MATERIA |
| Término de materia o nombre geográfico como elemento de entrada |
Derecho penal |
| 9 (RLIN) |
17405 |
| 650 #0 - PUNTO DE ACCESO ADICIONAL DE MATERIA--TÉRMINO DE MATERIA |
| Término de materia o nombre geográfico como elemento de entrada |
Sentencias |
| 9 (RLIN) |
29701 |
| 650 #4 - PUNTO DE ACCESO ADICIONAL DE MATERIA--TÉRMINO DE MATERIA |
| Término de materia o nombre geográfico como elemento de entrada |
Jurisprudencia penal |
| 9 (RLIN) |
29865 |
| 650 #0 - PUNTO DE ACCESO ADICIONAL DE MATERIA--TÉRMINO DE MATERIA |
| Término de materia o nombre geográfico como elemento de entrada |
Acción y defensa (Derecho) |
| 9 (RLIN) |
17062 |
| 650 #4 - PUNTO DE ACCESO ADICIONAL DE MATERIA--TÉRMINO DE MATERIA |
| Término de materia o nombre geográfico como elemento de entrada |
Práctica de juicios |
| 9 (RLIN) |
34759 |
| 700 1# - PUNTO DE ACCESO ADICIONAL--NOMBRE DE PERSONA |
| Nombre de persona |
Olivares Grullón, Damián Olivares |
| 9 (RLIN) |
34760 |
| 700 1# - PUNTO DE ACCESO ADICIONAL--NOMBRE DE PERSONA |
| Nombre de persona |
Germán Brito, Míriam, |
| Término indicativo de función/relación |
pról. |
| 9 (RLIN) |
34761 |
| 830 #0 - PUNTO DE ACCESO ADICIONAL DE SERIE-TÍTULO UNIFORME |
| Título uniforme |
Derecho Procesal Penal |
| 9 (RLIN) |
34762 |
| 910 ## - DATOS DE OPCIÓN DEL USUARIO (OCLC) |
| Datos de opción del usuario |
Validado. Control de calidad EMS. |